|
|
|
|
| LEADER |
00000nam0a2200000 4500 |
| 001 |
397 |
| 005 |
20260420103930.0 |
| 010 |
|
|
|a 5900797031
|
| 035 |
|
|
|a (RuTPU)RU\TPU\book\401
|
| 035 |
|
|
|a BOOK00000401
|
| 090 |
|
|
|a 397
|
| 100 |
|
|
|a 20011209d1995 km y0rusy50 ca
|
| 101 |
1 |
|
|a rus
|c eng
|
| 102 |
|
|
|a RU
|
| 105 |
|
|
|a a z 000zy
|
| 200 |
1 |
|
|a Компьютерная графика: секреты и решения
|e пер. с англ.
|f Д. Корриган
|
| 210 |
|
|
|a Москва
|c Энтроп
|d 1995
|
| 215 |
|
|
|a 352 с.
|c ил.
|
| 333 |
|
|
|a Исключено из фонда НТБ ТПУ
|
| 610 |
1 |
|
|a компьютерная графика
|
| 610 |
1 |
|
|a ЭВМ
|
| 610 |
1 |
|
|a электронные вычислительные машины
|
| 610 |
1 |
|
|a графические файлы
|
| 675 |
|
|
|a 681.327.1
|v 3
|
| 700 |
|
1 |
|a Корриган
|b Д.
|g Джон
|
| 801 |
|
0 |
|a RU
|b 63413507
|c 20011209
|g PSBO
|
| 801 |
|
2 |
|a RU
|b 63413507
|c 20170601
|g PSBO
|
| 942 |
|
|
|c BK
|